QUIZ O POLSKIM YT - Statystyki

Ogólne statystyki
  • Ten quiz został rozwiązany 875 razy
  • Średni wynik to 7 z 10
Statystyki odpowiedzi
WSKAZÓWKA . ODPOWIEDZ % Poprawnych
WSTAWIA CODZIENNE FILMY I MA DOM SWOJE EKIPY . friz
95%
NAJWIĘCEJ SUBÓW . blowek
94%
MA MUSTANGA TRZY I PÓŁ MILIONA SUBSKRYPCJI I MRÓWKI . rezi
88%
JEST WŁAŚCICIELEM FAME MMA ZANY Z SERII CIEKAWOSTEK . boxdel
86%
TEN YOUTUBER ZAWSZE WYGRYWA GRA W CS:GO . Izak
76%
JEGO NAJPOPULARNIEJSZA SERIA TO OVERWATCH HAJSOWNIKÓW . tomasz 'gimper' działowy
66%
NIENAWIDZI DisStream . xayoo
57%
WYŁAWIA TRZY FILMY KTÓRE PODBIJAJĄ INTERNET . poszukiwacz
54%
W TE WAKACJE BĘDZIE NAGRYWAŁ 10 LAT KRYTYKUJE BAJKI SERIALE ITP. . niekryty Krytyk
53%
WBIŁ NAJSZYBCIEJ 1MLN SUBÓW . lord kruszwil
40%
Nie znaleziono quizów pasujących do podanych kryteriów
Rozkład punktacji
Procent ludzi z każdym wynikiem
Percentyl według liczby udzielonych odpowiedzi
Twoja historia wyników
Nie rozwiązałeś tego quizu